000 00311nam a22001337a 4500
022 _a08567972
050 _aQL737
_b.C43S88
100 _aBerggren P.
245 _aSustainable Dolphin Tourism in East Africa
260 _aZanzibar
_bWIOMSA
_c2007
300 _aix,71p.
700 _aGuissamulo,O.A.
942 _cGEN
999 _c1822
_d1822